000 00715nam a22002057a 4500
999 _c3400
_d3400
003 AR-CdUCM
008 190306b ||||| |||| 00| 0 esp d
020 _aISBN
040 _aMUNICIPALIDAD PROVINCIAL DEL CUSCO
_cBIBLIOTECA MUNICIPAL DEL CUSCO
082 _a838.61 /
_bM22
100 _aMann, Thomas
_92844
245 _aGoethe y Tolstoi :
_bacerca del problema de la humanidad /
_cThomas Mann
260 _aBuenos Aires :
_bCondor,
300 _a156 paginas ;
_c18 cm.
505 _aJerarquías -- Educación y confesión -- Enfermedad -- Libertad y nobleza -- Nobleza gentil -- Problemático ...
650 _aLiteratura alemana
_993
700 _aRoll, Sara C
_911230
942 _2ddc
_cLIBROS
945 _aacrt